Koszykarze z Europy w All-Stars Game - Statystyki

Ogólne statystyki
  • Ten quiz został rozwiązany 22 razy
  • Średni wynik to 3 z 15
Statystyki odpowiedzi
Koszykarz % Poprawnych
Luka Dončić
90%
Dirk Nowitzki
62%
Tony Parker
43%
Giannis Antetokounmpo
38%
Marc Gasol
24%
Paul Gasol
14%
Peja Stojaković
14%
Vlade Divac
14%
Andriej Kirilenko
10%
Detlef Schrempf
5%
Luol Deng
5%
Žydrūnas Ilgauskas
5%
James Donaldson
0%
Joakim Noah
0%
Rik Smits
0%
Nie znaleziono quizów pasujących do podanych kryteriów
Rozkład punktacji
Procent ludzi z każdym wynikiem
Percentyl według liczby udzielonych odpowiedzi
Twoja historia wyników
Nie rozwiązałeś tego quizu